00476nam a2200181Ia 4500003000900000008004100009040001300050040001300063041000800076100002100084245010800105250001200213260002100225260000900246300001000255490002300265490000600288IT-RoPAU120407s9999 xx 000 0 und d aIT-RoPAU cIT-RoPAU aita aAnnarosa Dordoni aUn maestro di spirito nel Piemonte tra Sei e Settecento. Il padre S. Valfrè dell’Oratorio di Torino aMilano  aVita e Pensiero  c1992 c22 cm aScienze religiose  v9